[Event "SVM_Verbandsliga_Nord_2023-24"]
[Site "?"]
[Date "2023.11.05"]
[Round "3.2"]
[White "Pericic, Boris"]
[Black "Wirtz, Frank"]
[Result "0-1"]
[WhiteElo "1821"]
[BlackElo "1936"]
[PlyCount "110"]
[EventDate "2023.11.05"]
[WhiteTeam "Lasker Köln 3"]
[BlackTeam "SV KS Leverkusen 1"]

1. e4 d6 2. d4 g6 3. Bc4 Nf6 4. Nc3 Bg7 5. Nge2 Nc6 6. f3 h6 7. Be3 e5 8. dxe5
Nxe5 9. Bb3 Be6 10. Qd2 a6 11. O-O g5 12. Rad1 Bxb3 13. axb3 O-O 14. Ng3 Ng6
15. Nf5 Nh5 16. Qd5 b5 17. b4 Ne7 18. Nxe7+ Qxe7 19. Ra1 Qd7 20. Ra2 c6 21. Qd2
Be5 22. Rfa1 Qb7 23. g3 f5 24. f4 gxf4 25. gxf4 Bxc3 26. bxc3 Rf6 27. Qe2 Ng7
28. e5 dxe5 29. fxe5 Rg6+ 30. Kf2 Qe7 31. Bf4 Ne6 32. Qf3 Qg7 33. Rxa6 Rxa6 34.
Rxa6 Nxf4 35. Qxf4 Qb7 36. Qxf5 Rg7 37. Qe6+ Rf7+ 38. Qxf7+ Kxf7 39. Ra1 Qe7
40. Re1 Ke6 41. Re3 Qh4+ 42. Kg2 Qf4 43. Re2 h5 44. Rf2 Qg4+ 45. Kf1 Qd1+ 46.
Kg2 Kxe5 47. h3 h4 48. Kh2 Qe1 49. Rg2 Qxc3 50. Rg5+ Kd6 51. Rg4 Qxc2+ 52. Kg1
Qe2 53. Rd4+ Ke5 54. Rg4 Kf5 55. Kh1 Qxg4 0-1

[Event "SVM_Verbandsliga_Nord_2023-24"]
[Site "?"]
[Date "2023.11.05"]
[Round "3.3"]
[White "Schmitz, Andreas"]
[Black "Hüllen, Rene"]
[Result "1-0"]
[WhiteElo "1883"]
[BlackElo "1981"]
[PlyCount "120"]
[EventDate "2023.11.05"]
[WhiteTeam "SV KS Leverkusen 1"]
[BlackTeam "Lasker Köln 3"]

1. Nf3 c5 2. c4 g6 3. g3 Bg7 4. Bg2 Nc6 5. d3 f5 6. O-O Nf6 7. Nc3 O-O 8. Rb1
d6 9. Bd2 h6 10. a3 e5 11. Ne1 Rb8 12. b4 cxb4 13. axb4 Ne7 14. Qc1 Kh7 15. Qa3
a6 16. Nc2 d5 17. c5 Bd7 18. e3 Bc6 19. d4 Ne4 20. Qc1 Qe8 21. f3 Nxc3 22. Bxc3
e4 23. f4 Bf6 24. Rf2 g5 25. Bf1 gxf4 26. exf4 Rg8 27. Ne3 h5 28. Rg2 Rg7 29.
Qb2 Ra8 30. Ra1 Qc8 31. Qa2 Rb8 32. Kh1 Qd7 33. Be2 Kh6 34. Bd1 Rbg8 35. Bb3
Rg6 36. Rag1 Qe6 37. Qd2 Qf7 38. Bd1 R6g7 39. h3 Bd7 40. g4 fxg4 41. hxg4 Rxg4
42. Bxg4 hxg4 43. Rh2+ Kg7 44. Nxg4 Bxg4 45. Rxg4+ Kf8 46. Rxg8+ Kxg8 47. Qg2+
Kf8 48. Qg4 Ke8 49. Kg2 Kd8 50. Kf2 Nf5 51. Ke2 Nxd4+ 52. Bxd4 Bxd4 53. Qg5+
Kc7 54. Qh6 Kc8 55. Qg5 Bc3 56. Rh6 d4 57. Rh8+ Kd7 58. c6+ Kc7 59. Qe5+ Kxc6
60. Rh6+ Kd7 1-0

[Event "SVM_Verbandsliga_Nord_2023-24"]
[Site "?"]
[Date "2023.11.05"]
[Round "3.4"]
[White "Vieira, Daniel"]
[Black "Blomeyer, Peter"]
[Result "1-0"]
[WhiteElo "1813"]
[BlackElo "1819"]
[PlyCount "79"]
[EventDate "2023.11.05"]
[WhiteTeam "Lasker Köln 3"]
[BlackTeam "SV KS Leverkusen 1"]

1. c4 d6 2. d4 e5 3. Nf3 e4 4. Ng5 f5 5. Nc3 Nf6 6. g3 Be7 7. Bg2 c6 8. O-O O-O
9. Nh3 Na6 10. Nf4 Nc7 11. b4 d5 12. c5 a5 13. Qb3 Kh8 14. b5 Ng4 15. bxc6 bxc6
16. Na4 Ba6 17. Re1 g5 18. Nh3 Ne6 19. e3 Bb5 20. Nb6 a4 21. Qc2 Ra7 22. Bf1
Bxf1 23. Rxf1 Qe8 24. f3 exf3 25. Rxf3 Qh5 26. Qg2 Kg8 27. Rf1 Qg6 28. Nf2 Nxf2
29. Rxf2 Nxc5 30. dxc5 Bxc5 31. Nxd5 Qe6 32. Rc2 Ra5 33. Bd2 Rb5 34. Nc3 Bxe3+
35. Bxe3 Qxe3+ 36. Qf2 Qxf2+ 37. Rxf2 Ra5 38. Rd1 Rf7 39. Rd4 a3 40. Rc4 1-0

[Event "SVM_Verbandsliga_Nord_2023-24"]
[Site "?"]
[Date "2023.11.05"]
[Round "3.5"]
[White "Wirtz, Uwe"]
[Black "Ledbetter, Ralf"]
[Result "0-1"]
[WhiteElo "1782"]
[BlackElo "1936"]
[PlyCount "58"]
[EventDate "2023.11.05"]
[WhiteTeam "SV KS Leverkusen 1"]
[BlackTeam "Lasker Köln 3"]

1. e4 c5 2. c3 Nf6 3. e5 Nd5 4. d4 cxd4 5. cxd4 e6 6. Nf3 Be7 7. Nc3 Nxc3 8.
bxc3 d6 9. exd6 Bxd6 10. Be2 O-O 11. O-O b6 12. Bd2 Nd7 13. Qc2 Bb7 14. Ng5 Nf6
15. Bf3 Bxf3 16. Nxf3 h6 17. Rac1 Rc8 18. Qd3 Qc7 19. g3 Qc4 20. Qxc4 Rxc4 21.
Rfd1 Rfc8 22. Be1 Nd5 23. Rd3 Nb4 24. Re3 R8c7 25. Nd2 Rxd4 26. cxd4 Rxc1 27.
Ne4 Be7 28. Kf1 Nc2 29. Re2 Nxd4 0-1

[Event "SVM_Verbandsliga_Nord_2023-24"]
[Site "?"]
[Date "2023.11.05"]
[Round "3.6"]
[White "Kröger, Sven"]
[Black "Asadzade, Muhammed"]
[Result "0-1"]
[WhiteElo "1601"]
[BlackElo "1565"]
[PlyCount "94"]
[EventDate "2023.11.05"]
[WhiteTeam "Lasker Köln 3"]
[BlackTeam "SV KS Leverkusen 1"]

1. Nf3 c5 2. c4 g6 3. d4 cxd4 4. Nxd4 Bg7 5. Nc3 Nc6 6. Nc2 Nf6 7. e4 O-O 8.
Be2 d6 9. Be3 Qa5 10. f3 Be6 11. O-O Rac8 12. Qd2 Nd7 13. a3 Bxc3 14. bxc3 Nce5
15. Bd4 Bxc4 16. f4 Bxe2 17. Qxe2 Nc6 18. Nb4 Nxd4 19. cxd4 Qb6 20. Rad1 e6 21.
Rf3 a5 22. Na2 Rc7 23. Qd3 Rfc8 24. Rf2 e5 25. fxe5 dxe5 26. Rdf1 Qxd4 27. Qxd4
exd4 28. Rxf7 Ne5 29. Rxc7 Rxc7 30. Rc1 Rxc1+ 31. Nxc1 Nc4 32. Nb3 d3 33. Kf1
b6 34. Ke1 Kf7 35. a4 Ke6 36. Nd2 Nb2 37. Kf2 Nxa4 38. Ke3 Nb2 39. Kd4 b5 40.
Kc3 Nc4 41. Nf3 d2 42. Kc2 b4 43. Nd4+ Ke5 44. Nf3+ Kxe4 45. Ng5+ Ke3 46. Nf3
b3+ 47. Kd1 Nb2# 0-1

[Event "SVM_Verbandsliga_Nord_2023-24"]
[Site "?"]
[Date "2023.11.05"]
[Round "3.7"]
[White "Granz, Thomas"]
[Black "Werthmann, Martin-Lorenz"]
[Result "1-0"]
[WhiteElo "1738"]
[BlackElo "1551"]
[PlyCount "75"]
[EventDate "2023.11.05"]
[WhiteTeam "SV KS Leverkusen 1"]
[BlackTeam "Lasker Köln 3"]

1. d4 f5 2. c4 Nf6 3. Nc3 e6 4. Nf3 d5 5. Bg5 Be7 6. e3 c6 7. Bd3 O-O 8. O-O
Ne4 9. Bxe7 Qxe7 10. Ne5 Nd7 11. f3 Nxe5 12. dxe5 Nxc3 13. bxc3 Qc5 14. Qe2 f4
15. Rfe1 b6 16. Kh1 Ba6 17. Qc2 h6 18. Bh7+ Kh8 19. cxd5 cxd5 20. exf4 Rxf4 21.
Bg6 Rc8 22. Qd2 Rcf8 23. Rac1 Bb7 24. Bh5 Qe7 25. Bg4 Qf7 26. Qd3 h5 27. Bh3
Rh4 28. Rf1 d4 29. cxd4 Rxh3 30. gxh3 Bxf3+ 31. Kg1 Qf4 32. Rxf3 Qxc1+ 33. Kg2
Qb2+ 34. Kg3 Rd8 35. a4 Qxd4 36. Rf8+ Rxf8 37. Qxd4 g5 38. Qd7 1-0

[Event "SVM_Verbandsliga_Nord_2023-24"]
[Site "?"]
[Date "2023.11.05"]
[Round "3.8"]
[White "Meiländer, Lars"]
[Black "Geiser, Dietmar"]
[Result "1/2-1/2"]
[WhiteElo "1602"]
[BlackElo "1623"]
[PlyCount "66"]
[EventDate "2023.11.05"]
[WhiteTeam "Lasker Köln 3"]
[BlackTeam "SV KS Leverkusen 1"]

1. d4 d5 2. Bf4 Nf6 3. e3 Bf5 4. Nf3 e6 5. Bd3 Bxd3 6. Qxd3 Nc6 7. h3 h6 8.
Nbd2 Bd6 9. Ne5 Bxe5 10. dxe5 Nd7 11. Nf3 Qe7 12. c3 Qc5 13. O-O g5 14. Bg3 Qe7
15. e4 Nc5 16. Qe3 Nxe4 17. Bh2 h5 18. Nd4 Nxd4 19. cxd4 g4 20. Bf4 Rg8 21. f3
gxf3 22. Rxf3 O-O-O 23. Rc1 Rg6 24. Rc2 Rdg8 25. a3 Qh4 26. Qc1 c6 27. b4 Kd7
28. b5 Rc8 29. a4 Qd8 30. Rb3 cxb5 31. axb5 Rxc2 32. Qxc2 Qc7 33. Qb2 Kc8 {(=)}
1/2-1/2

[Event "SVM_Verbandsliga_Nord_2023-24"]
[Site "?"]
[Date "2023.11.05"]
[Round "3.1"]
[White "Kersten, Alexander"]
[Black "Jülich, Thomas"]
[Result "1/2-1/2"]
[WhiteElo "1929"]
[BlackElo "1961"]
[PlyCount "86"]
[EventDate "2023.11.05"]
[WhiteTeam "BSG Rheinpark 1"]
[BlackTeam "Pulheimer SC 1"]

1. c4 Nf6 2. g3 g6 3. Bg2 Bg7 4. Nc3 d6 5. d3 c6 6. e4 e5 7. Nge2 Be6 8. h3 Na6
9. O-O Nc7 10. b3 O-O 11. d4 Nfe8 12. Be3 f5 13. dxe5 Bxe5 14. Rc1 Qe7 15. Qd2
Na6 16. Nd4 Nc5 17. exf5 Bxf5 18. Nxf5 gxf5 19. f4 Bg7 20. Bf2 Nf6 21. Bxc5
dxc5 22. Rfe1 Qd8 23. Qc2 Nh5 24. Kh2 Qf6 25. Bf3 Qf7 26. Qd1 Nf6 27. Re3 Rad8
28. Qe2 Rfe8 29. Re1 Rxe3 30. Qxe3 Re8 31. Qd2 Rxe1 32. Qxe1 Qe8 33. Qe2 Qxe2+
34. Bxe2 Ne8 35. Nd1 Bd4 36. Bd3 Nd6 37. Kg2 Kg7 38. Kf3 h5 39. h4 b5 40. a4
bxa4 41. bxa4 a5 42. Ke2 Kf6 43. Kd2 Ne8 {(=)} 1/2-1/2

[Event "SVM_Verbandsliga_Nord_2023-24"]
[Site "?"]
[Date "2023.11.05"]
[Round "3.2"]
[White "Laschewski, Andreas"]
[Black "Marcks, Martin"]
[Result "1-0"]
[WhiteElo "1910"]
[BlackElo "1979"]
[PlyCount "51"]
[EventDate "2023.11.05"]
[WhiteTeam "Pulheimer SC 1"]
[BlackTeam "BSG Rheinpark 1"]

1. d4 Nf6 2. c4 d6 3. Nc3 Nbd7 4. f4 e5 5. Nf3 exd4 6. Qxd4 Be7 7. e3 O-O 8.
Be2 c6 9. O-O Re8 10. Kh1 Bf8 11. Ng5 Qb6 12. Qd3 Nc5 13. Qc2 h6 14. Nh3 Bxh3
15. gxh3 Nce4 16. Nxe4 Nxe4 17. Bf3 f5 18. Bxe4 Rxe4 19. Bd2 Rae8 20. Rf3 R8e6
21. Rg1 d5 22. cxd5 cxd5 23. Rfg3 Qc6 24. Qb3 Rc4 25. R3g2 Qa4 26. Qxb7 1-0

[Event "SVM_Verbandsliga_Nord_2023-24"]
[Site "?"]
[Date "2023.11.05"]
[Round "3.3"]
[White "Lattermann, Stefan"]
[Black "Nettekoven, Wolfgang"]
[Result "1-0"]
[WhiteElo "1968"]
[BlackElo "1738"]
[PlyCount "103"]
[EventDate "2023.11.05"]
[WhiteTeam "BSG Rheinpark 1"]
[BlackTeam "Pulheimer SC 1"]

1. e4 d6 2. d4 Nf6 3. Nc3 g6 4. f3 Bg7 5. Be3 Nbd7 6. Qd2 c5 7. Bd3 cxd4 8.
Bxd4 Qa5 9. Nge2 Ne5 10. O-O-O Nxd3+ 11. Qxd3 Be6 12. Kb1 O-O 13. g4 Rfc8 14.
h4 Bc4 15. Qd2 b5 16. g5 Nh5 17. Bxg7 Nxg7 18. Nc1 Qc7 19. Nb3 Ne6 20. h5 Kg7
21. Qh2 Rh8 22. f4 b4 23. Nd5 Bxd5 24. exd5 Nc5 {(=)} 25. Qd2 Nxb3 26. axb3 Qb6
27. h6+ Kf8 28. Rhf1 a5 29. f5 a4 30. Qd4 Qxd4 31. Rxd4 axb3 32. cxb3 Rb8 33.
Rff4 Ke8 34. Rxb4 Kd7 35. fxg6 fxg6 36. Kc2 Rxb4 37. Rxb4 Kc7 38. Rf4 Kb6 39.
b4 Kc7 40. Kb3 Kd7 41. Rf7 Ke8 42. Rf1 Kd7 43. Ra1 Rc8 44. Ra7+ Rc7 45. Rxc7+
Kxc7 46. Kc4 Kb6 47. b5 Ka5 48. b3 Kb6 49. Kb4 Kb7 50. Ka5 Ka7 51. b6+ Kb7 52.
Kb5 1-0

[Event "SVM_Verbandsliga_Nord_2023-24"]
[Site "?"]
[Date "2023.11.05"]
[Round "3.4"]
[White "Hajek, Florian"]
[Black "Dizdarevic, Alen"]
[Result "0-1"]
[WhiteElo "1789"]
[BlackElo "1771"]
[PlyCount "188"]
[EventDate "2023.11.05"]
[WhiteTeam "Pulheimer SC 1"]
[BlackTeam "BSG Rheinpark 1"]

1. Nf3 Nf6 2. c4 g6 3. Nc3 Bg7 4. d4 O-O 5. Bf4 d6 6. e3 Nbd7 7. Be2 c6 8. Qd2
Re8 9. d5 Nc5 10. O-O Nce4 11. Nxe4 Nxe4 12. Qc2 Nc5 13. Nd4 e5 14. dxe6 fxe6
15. Bg3 e5 16. Nf3 Bf5 17. Qd1 Ne4 18. Nd2 Nxg3 19. hxg3 Qc7 20. e4 Be6 21. Nf3
Rad8 22. Ng5 Bc8 23. Bg4 h6 24. Bxc8 Qxc8 25. Nf3 Qe6 26. Qb3 Rd7 27. Rad1 Kh7
28. Rd3 Bf8 29. Rfd1 Rf7 30. Qc3 Qg4 31. Qe1 Qe6 32. b3 Qc8 33. Qc3 a6 34. Kf1
Re6 35. Ke2 Ref6 36. Rh1 Kg8 37. Qd2 Qe6 38. Kd1 Bg7 39. Kc2 Bf8 40. Qe3 Bg7
41. Rd2 Bf8 42. Kb1 Bg7 43. Kc2 {(=)} Bf8 44. Kb1 Bg7 45. Kc2 Rd7 46. Rhd1 Rff7
47. Rd3 Rf8 48. Qd2 Rfd8 49. Ng1 b5 50. Qb4 d5 51. cxd5 cxd5 52. Qd2 d4 53. Ne2
Qc6+ 54. Kb1 Qxe4 55. f3 Qf5 56. g4 Qf7 57. Ng3 Rc8 58. Ne4 Qe6 59. Rc1 Rdc7
60. Rxc7 Rxc7 61. Ng3 Qc6 62. Ne4 a5 63. Qd1 Bf8 64. Rd2 Bb4 65. Rc2 Bc3 66.
Qd3 b4 67. Nd2 a4 68. Qc4+ Qxc4 69. Nxc4 axb3 70. axb3 d3 71. Ra2 Rd7 72. Kc1
Kg7 73. Nd2 Kf7 74. Ra6 Bd4 75. Nc4 {(=)} Bc3 76. Nd2 Rc7 77. Kd1 Bxd2 78. Kxd2
Rc3 79. Rd6 Rxb3 80. Rb6 e4 81. f4 Rb2+ 82. Kc1 Rc2+ 83. Kd1 e3 84. Rb7+ Kf8
85. Rb8+ Ke7 86. Rb7+ Kd6 87. Rb6+ Kd5 88. Rb5+ Kd4 89. Rxb4+ Rc4 90. Rxc4+
Kxc4 91. f5 gxf5 92. gxf5 Kd5 93. g4 Ke5 94. Ke1 h5 0-1

[Event "SVM_Verbandsliga_Nord_2023-24"]
[Site "?"]
[Date "2023.11.05"]
[Round "3.5"]
[White "Greb, Michael"]
[Black "Strack, Luka"]
[Result "0-1"]
[WhiteElo "1702"]
[BlackElo "1650"]
[PlyCount "66"]
[EventDate "2023.11.05"]
[WhiteTeam "BSG Rheinpark 1"]
[BlackTeam "Pulheimer SC 1"]

1. e4 e5 2. Nf3 Nc6 3. Bc4 Bc5 4. c3 d6 5. h3 Nf6 6. d3 Be6 7. Bxe6 fxe6 8. b4
Bb6 9. a4 a6 10. Bg5 O-O 11. O-O Qe8 12. Nbd2 Ne7 13. Nc4 Ba7 14. Qb3 Ng6 15.
Be3 Nf4 16. Bxa7 Rxa7 17. Ne1 Qh5 18. Qd1 Ne2+ 19. Kh1 Nxc3 20. Qc2 Ne2 21. Ne3
Rf7 22. Ra2 Nf4 23. Nf3 Nxh3 24. gxh3 Qxf3+ 25. Kh2 Nh5 26. Rg1 Ra8 27. Qe2
Raf8 28. Qxf3 Rxf3 29. Ng4 Nf4 30. Rg3 Rxg3 31. fxg3 Nxd3 32. b5 Nc5 33. bxa6
bxa6 0-1

[Event "SVM_Verbandsliga_Nord_2023-24"]
[Site "?"]
[Date "2023.11.05"]
[Round "3.6"]
[White "Freialdenhoven, Manfred"]
[Black "Magg, Stefan"]
[Result "1-0"]
[WhiteElo "1765"]
[BlackElo "1694"]
[PlyCount "73"]
[EventDate "2023.11.05"]
[WhiteTeam "Pulheimer SC 1"]
[BlackTeam "BSG Rheinpark 1"]

1. e4 c5 2. Nf3 d6 3. d4 cxd4 4. Nxd4 Nf6 5. Nc3 a6 6. f3 g6 7. Be3 Bg7 8. Qd2
O-O 9. O-O-O Nbd7 10. g4 b5 11. h4 h5 12. g5 Ne8 13. Nc6 Qc7 14. Nxe7+ Kh7 15.
Ncd5 Qb7 16. Bh3 Ne5 17. Bxc8 Rxc8 18. Nxc8 Nc4 19. Qf2 Bxb2+ 20. Kb1 Qxc8 21.
Bd4 Bxd4 22. Rxd4 Qc5 23. c3 a5 24. Rc1 Qa3 25. Qc2 Qc5 26. Ka1 a4 27. Qb1 f5
28. Qb4 Qxb4 29. cxb4 fxe4 30. Rxe4 Ng7 31. Nf6+ Kh8 32. Rexc4 bxc4 33. Rxc4
Rd8 34. Rc7 d5 35. Kb2 a3+ 36. Kc3 d4+ 37. Kd3 1-0

[Event "SVM_Verbandsliga_Nord_2023-24"]
[Site "?"]
[Date "2023.11.05"]
[Round "3.7"]
[White "Weiland, Herbert"]
[Black "Brand, Christopher"]
[Result "1-0"]
[WhiteElo "1692"]
[BlackElo "1420"]
[PlyCount "51"]
[EventDate "2023.11.05"]
[WhiteTeam "BSG Rheinpark 1"]
[BlackTeam "Pulheimer SC 1"]

1. d4 Nf6 2. Nf3 d5 3. c4 e6 4. Nc3 Bb4 5. Bg5 O-O 6. e3 Nbd7 7. a3 Bxc3+ 8.
bxc3 c5 9. cxd5 exd5 10. Bd3 Qa5 11. O-O c4 12. Bf5 Ne4 13. Qc2 Ndf6 14. Bxc8
Rfxc8 15. Bxf6 Nxf6 16. Nd2 b5 17. Rfb1 Rab8 18. h3 Qc7 19. a4 a6 20. axb5 axb5
21. Qa2 Rb6 22. Qa5 Qd6 23. Rxb5 Rxb5 24. Qxb5 Rb8 25. Qa5 Rb6 26. Qxb6 1-0

[Event "SVM_Verbandsliga_Nord_2023-24"]
[Site "?"]
[Date "2023.11.05"]
[Round "3.8"]
[White "Orthen, Teresa"]
[Black "Rosen, Daniel"]
[Result "1/2-1/2"]
[WhiteElo "1564"]
[BlackElo "1681"]
[PlyCount "55"]
[EventDate "2023.11.05"]
[WhiteTeam "Pulheimer SC 1"]
[BlackTeam "BSG Rheinpark 1"]

1. e4 d5 2. exd5 Nf6 3. Nc3 Nxd5 4. Nxd5 Qxd5 5. Nf3 e5 6. d3 Nc6 7. Be2 g6 8.
Bd2 Bg7 9. Bc3 Bf5 10. Qd2 h6 11. O-O O-O 12. Rfe1 Rad8 13. Nh4 Bc8 14. Bf3 Qd6
15. Bxc6 bxc6 16. Nf3 Rfe8 17. Qe3 f6 18. Qxa7 Be6 19. a3 c5 20. Qa4 Bd5 21.
Qg4 Kh7 22. Nd2 Qc6 23. Qg3 h5 24. Ne4 Bh6 25. Bd2 Bg7 26. Bc3 Bh6 27. Bd2 Bg7
28. Bc3 1/2-1/2

[Event "SVM_Verbandsliga_Nord_2023-24"]
[Site "?"]
[Date "2023.11.05"]
[Round "3.1"]
[White "Kocur, Alois"]
[Black "Distelrath, Stephan"]
[Result "1/2-1/2"]
[WhiteElo "2142"]
[BlackElo "2110"]
[PlyCount "25"]
[EventDate "2023.11.05"]
[WhiteTeam "SV Springer Hitdorf 1"]
[BlackTeam "Ford SF Köln 1"]

1. e4 e6 2. d4 d5 3. Nd2 Nf6 4. e5 Nfd7 5. Bd3 c5 6. c3 Nc6 7. Ne2 Qb6 8. Nf3
cxd4 9. cxd4 Bb4+ 10. Bd2 f6 11. exf6 Nxf6 12. O-O O-O 13. Bc3 {(=)} 1/2-1/2

[Event "SVM_Verbandsliga_Nord_2023-24"]
[Site "?"]
[Date "2023.11.05"]
[Round "3.2"]
[White "Reichelt, Frank"]
[Black "Happ, Tobias"]
[Result "1/2-1/2"]
[WhiteElo "1964"]
[BlackElo "2019"]
[PlyCount "35"]
[EventDate "2023.11.05"]
[WhiteTeam "Ford SF Köln 1"]
[BlackTeam "SV Springer Hitdorf 1"]

1. d4 Nf6 2. Bf4 e6 3. e3 b6 4. Nf3 Bb7 5. Nbd2 Be7 6. Bd3 d5 7. c3 Nbd7 8. Ne5
Nxe5 9. Bxe5 O-O 10. Qe2 c5 11. O-O h6 12. Rac1 Nd7 13. Bg3 Bf6 14. f4 Rc8 15.
Qh5 Be7 16. Bf2 f5 17. Nf3 Qe8 18. Qxe8 {(=)} 1/2-1/2

[Event "SVM_Verbandsliga_Nord_2023-24"]
[Site "?"]
[Date "2023.11.05"]
[Round "3.3"]
[White "Schmitz, Andreas Arnold"]
[Black "Mays, Stephan"]
[Result "0-1"]
[WhiteElo "2002"]
[BlackElo "1933"]
[PlyCount "110"]
[EventDate "2023.11.05"]
[WhiteTeam "SV Springer Hitdorf 1"]
[BlackTeam "Ford SF Köln 1"]

1. e4 g6 2. d4 Bg7 3. Nf3 d6 4. Bc4 e6 5. Nc3 Nd7 6. Bg5 Ne7 7. Qd2 h6 8. Be3
a6 9. a4 b6 10. O-O Bb7 11. d5 e5 12. g3 Nf6 13. Nh4 g5 14. Ng2 Ng6 15. f4 gxf4
16. gxf4 Ng4 17. Be2 Nxe3 18. Qxe3 exf4 19. Nxf4 Qg5+ 20. Ng2 Be5 21. Rf5 Qxe3+
22. Nxe3 Bd4 23. Ncd1 Bc8 24. Rf2 Ke7 25. c3 Be5 26. Bg4 Bxg4 27. Nxg4 Nf4 28.
Nxe5 dxe5 29. Kf1 Rag8 30. Rf3 Rg5 31. Ne3 Rhg8 32. Rg3 Kf6 33. Rxg5 Rxg5 34.
Rd1 Rh5 35. d6 cxd6 36. Rxd6+ Kg5 37. Rd2 Rh3 38. Nc4 f5 39. Nd6 fxe4 40. Nxe4+
Kf5 41. Ng3+ Kg4 42. Kg1 h5 43. Ne4 Re3 44. Nf6+ Kf5 45. Rd6 Re1+ 46. Kf2 Re2+
47. Kf3 Rxh2 48. Rxb6 Rh3+ 49. Kf2 e4 50. Nxe4 Kxe4 51. a5 Rh2+ 52. Kg1 Rg2+
53. Kh1 Kf3 54. Rxa6 Rxb2 55. Rb6 Ra2 0-1

[Event "SVM_Verbandsliga_Nord_2023-24"]
[Site "?"]
[Date "2023.11.05"]
[Round "3.4"]
[White "Fokken, Achim"]
[Black "Bayer, Udo"]
[Result "0-1"]
[WhiteElo "1879"]
[BlackElo "1901"]
[PlyCount "44"]
[EventDate "2023.11.05"]
[WhiteTeam "Ford SF Köln 1"]
[BlackTeam "SV Springer Hitdorf 1"]

1. e4 e5 2. Nf3 Nc6 3. Bc4 Bc5 4. c3 Nf6 5. d4 exd4 6. cxd4 Bb4+ 7. Bd2 Bxd2+
8. Nbxd2 d6 9. h3 O-O 10. O-O a6 11. d5 Ne5 12. Nxe5 dxe5 13. Rc1 b5 14. Be2
Bb7 15. g4 Rc8 16. g5 Nd7 17. Nf3 c6 18. d6 c5 19. Qc2 c4 20. Rfe1 Nc5 21. Bf1
Qxd6 22. Red1 Qg6 0-1

[Event "SVM_Verbandsliga_Nord_2023-24"]
[Site "?"]
[Date "2023.11.05"]
[Round "3.5"]
[White "Pyrowicz, Jacek"]
[Black "Müller, Martin"]
[Result "0-1"]
[WhiteElo "1830"]
[BlackElo "1810"]
[PlyCount "72"]
[EventDate "2023.11.05"]
[WhiteTeam "SV Springer Hitdorf 1"]
[BlackTeam "Ford SF Köln 1"]

1. d4 d5 2. c4 e6 3. Nf3 c6 4. e3 Nf6 5. Nc3 Nbd7 6. Qc2 Bd6 7. b3 O-O 8. Bd3
Qe7 9. O-O b6 10. Bb2 Bb7 11. Rfe1 c5 12. Nb5 Bb8 13. Ne5 a6 14. Na3 h6 15. f4
Rc8 16. Qf2 cxd4 17. exd4 dxc4 18. Naxc4 Nxe5 19. fxe5 Nd5 20. Ba3 Qg5 21. Rf1
Nf4 22. Qg3 Qxg3 23. hxg3 Nxd3 24. Nxb6 Ba7 25. Nxc8 Rxc8 26. Kh2 Rc2 27. Rad1
Rxg2+ 28. Kh3 Nf2+ 29. Rxf2 Rxf2 30. Bc5 Bg2+ 31. Kh2 Bf3+ 32. Kg1 Rg2+ 33. Kf1
Bxd1 34. Kxg2 Bxc5 35. dxc5 Kf8 36. c6 Ke7 0-1

[Event "SVM_Verbandsliga_Nord_2023-24"]
[Site "?"]
[Date "2023.11.05"]
[Round "3.6"]
[White "Tomada, Frank"]
[Black "Schmitz, Manuela"]
[Result "1/2-1/2"]
[WhiteElo "1806"]
[BlackElo "1827"]
[PlyCount "94"]
[EventDate "2023.11.05"]
[WhiteTeam "Ford SF Köln 1"]
[BlackTeam "SV Springer Hitdorf 1"]

1. e4 e6 2. d4 d5 3. e5 c5 4. c3 Nc6 5. Nf3 Bd7 6. Bd3 cxd4 7. cxd4 Qb6 8. O-O
Nxd4 9. Nxd4 Qxd4 10. Nc3 a6 11. Qe2 Ne7 12. Rd1 Qb6 13. Bf4 Ng6 14. Bg3 Be7
15. Kh1 O-O 16. f4 f5 17. exf6 Bxf6 18. Rac1 Rac8 19. Rf1 Bxc3 20. bxc3 Qd8 21.
c4 Qf6 22. Qf2 Bc6 23. cxd5 Bxd5 24. Rcd1 Bc6 25. Qe3 Rcd8 26. Rde1 Rxd3 27.
Qxd3 Bb5 28. Qe4 Bxf1 29. Rxf1 Qf7 30. Be1 Rc8 31. Bd2 Nf8 32. g3 Qd7 33. Bb4
Qc6 34. Qxc6 Rxc6 35. Rd1 Rc8 36. Bxf8 Kxf8 37. Rd7 Rc2 38. Rxb7 Rxa2 39. Ra7
a5 40. h3 a4 41. g4 a3 42. Kg1 h6 43. h4 Ra1+ 44. Kg2 a2 45. h5 e5 46. fxe5 Re1
47. Rxa2 Rxe5 {(=)} 1/2-1/2

[Event "SVM_Verbandsliga_Nord_2023-24"]
[Site "?"]
[Date "2023.11.05"]
[Round "3.7"]
[White "Kocur, Beata"]
[Black "Jansen, Kurt"]
[Result "1-0"]
[WhiteElo "1792"]
[BlackElo "1293"]
[PlyCount "92"]
[EventDate "2023.11.05"]
[WhiteTeam "SV Springer Hitdorf 1"]
[BlackTeam "Ford SF Köln 1"]

1. e4 e6 2. d4 c6 3. Nf3 Ne7 4. Bd3 d5 5. Nc3 dxe4 6. Nxe4 Nd5 7. a3 h6 8. O-O
Be7 9. Be3 Nd7 10. Qd2 Nxe3 11. Qxe3 Nf6 12. Rad1 Nxe4 13. Qxe4 Qd5 14. Qg4 Bf6
15. Qf4 Bg5 16. Qg3 Bf6 17. c3 b5 18. Rfe1 Qd8 19. Be4 Bb7 20. Nd2 Qb8 21. Qf3
Qc7 22. Nb3 Be7 23. Qh5 Qf4 24. Rd3 Qh4 25. Qxh4 Bxh4 26. Na5 Rb8 27. Nxb7 Rxb7
28. Bxc6+ Rd7 29. Bxb5 Ke7 30. Bxd7 Kxd7 31. d5 Ke7 32. dxe6 fxe6 33. Rde3 Rf8
34. Rxe6+ Kd7 35. g3 Bf6 36. Ra6 Ra8 37. Re4 Kc7 38. Kf1 Kb7 39. Rae6 Rd8 40.
Ke2 Rd7 41. a4 Ka8 42. a5 Kb7 43. a6+ Kc7 44. Rb4 Re7 45. Rb7+ Kd8 46. Rexe7
Bxe7 1-0

[Event "SVM_Verbandsliga_Nord_2023-24"]
[Site "?"]
[Date "2023.11.05"]
[Round "3.8"]
[White "Ziskoven, Guido"]
[Black "van de Linde, Holger"]
[Result "0-1"]
[WhiteElo "1875"]
[BlackElo "1643"]
[PlyCount "74"]
[EventDate "2023.11.05"]
[WhiteTeam "Ford SF Köln 1"]
[BlackTeam "SV Springer Hitdorf 1"]

1. d4 c5 2. d5 Nf6 3. c4 e5 4. Nc3 d6 5. e4 Qa5 6. Bd2 Qb6 7. Qc2 g6 8. Bd3 Bg7
9. Nge2 O-O 10. f3 Na6 11. a3 Qd8 12. g4 Ne8 13. Ng3 Qh4 14. O-O-O Bd7 15. Be3
Nac7 16. Qd2 Qd8 17. h4 a6 18. h5 b5 19. hxg6 fxg6 20. Bg5 Qb8 21. Rdf1 b4 22.
Nb1 bxa3 23. Nxa3 a5 24. Qh2 Nf6 25. Bxf6 Rxf6 26. Qxh7+ Kf7 27. g5 Rf4 28. Ne2
Qb3 29. Nxf4 exf4 30. e5 Qxd3 31. e6+ Bxe6 32. dxe6+ Nxe6 33. Qh2 Rb8 34. Rf2
Qe3+ 35. Kd1 Nd4 36. Re1 Qd3+ 37. Rd2 Qxf3+ 0-1

[Event "SVM_Verbandsliga_Nord_2023-24"]
[Site "?"]
[Date "2023.11.05"]
[Round "3.1"]
[White "Eulering, Georg"]
[Black "Wieferig, Wolfgang"]
[Result "0-1"]
[WhiteElo "2102"]
[BlackElo "2141"]
[PlyCount "66"]
[EventDate "2023.11.05"]
[WhiteTeam "SF Schlebusch 1"]
[BlackTeam "Schachuzipus 1"]

1. e4 d5 2. exd5 Nf6 3. d4 Nxd5 4. Nf3 Bg4 5. c4 Nb6 6. c5 N6d7 7. Be2 e6 8.
O-O Nc6 9. Nc3 Be7 10. Be3 O-O 11. h3 Bh5 12. a3 a5 13. Qd2 Nf6 14. Rad1 Nd5
15. g4 Bg6 16. Ne5 Nxe5 17. dxe5 c6 18. f4 f5 19. Nxd5 cxd5 20. b4 axb4 21.
axb4 Ra3 22. Ra1 Rxa1 23. Rxa1 h6 24. Ra7 Rf7 25. Rxb7 Bxc5 26. Rxf7 Bxe3+ 27.
Qxe3 Kxf7 28. Qc5 Qh4 29. Kg2 fxg4 30. Bxg4 Be4+ 31. Kh2 h5 32. Qc7+ Kg6 33.
f5+ Kh7 0-1

[Event "SVM_Verbandsliga_Nord_2023-24"]
[Site "?"]
[Date "2023.11.05"]
[Round "3.2"]
[White "Schläfer, Roland"]
[Black "Pyka, Andreas"]
[Result "0-1"]
[WhiteElo "1950"]
[BlackElo "2014"]
[PlyCount "66"]
[EventDate "2023.11.05"]
[WhiteTeam "Schachuzipus 1"]
[BlackTeam "SF Schlebusch 1"]

1. e4 g6 2. d4 Bg7 3. f4 d5 4. e5 c5 5. c3 cxd4 6. cxd4 Nc6 7. Be3 Nh6 8. Qd2
O-O 9. Nc3 f6 10. Nf3 Bf5 11. Be2 Ng4 12. Rc1 Kh8 13. O-O Bh6 14. h3 Nxe3 15.
Qxe3 Qd7 16. Kh2 Rad8 17. Bb5 a6 18. Ba4 b5 19. Bb3 Be6 20. Ne2 Na5 21. Nd2 Nc4
22. Bxc4 dxc4 23. Ne4 Qd5 24. N4c3 Qd7 25. Rcd1 fxe5 26. dxe5 Qc7 27. g4 Bg7
28. Nd4 Bc8 29. a3 g5 30. Nf3 Rxd1 31. Rxd1 gxf4 32. Qd4 Bb7 33. Rf1 Rd8 0-1